[Event "VII Open"]
[Site "Portomannu ITA"]
[Date "2015.06.06"]
[Round "1"]
[White "Byron, Alan M."]
[Black "Brunello, Sabino"]
[Result "0-1"]
[WhiteElo "2196"]
[BlackElo "2526"]
[PlyCount "100"]
[EventDate "2015.06.06"]

1. e4 e5 2. Nf3 Nc6 3. Bb5 a6 4. Ba4 Nf6 5. O-O Be7 6. Re1 b5 7. Bb3 d6 8. c3
O-O 9. d4 Bg4 10. Be3 Bh5 11. d5 Na5 12. Bc2 c6 13. dxc6 Qc7 14. Bg5 Nc4 15. b3
Nb6 16. Qd3 Qxc6 17. Nh4 Bg4 18. g3 h6 19. Bxf6 Bxf6 20. Ng2 Rfc8 21. Ne3 Be6
22. Rd1 Be7 23. Nd5 Kf8 24. a4 bxa4 25. b4 a5 26. b5 Qc5 27. Bxa4 Bxd5 28. exd5
g6 29. h4 h5 30. Bc2 Kg7 31. Kg2 f5 32. f3 Nc4 33. Re1 Rab8 34. Re2 Rxb5 35. g4
e4 36. fxe4 Ne5 37. Qg3 fxg4 38. Ba4 Rbb8 39. Bc6 Nxc6 40. dxc6 Rxc6 41. Qe1
Qe5 42. Ra4 Bxh4 43. Qxh4 Rxb1 44. Rxa5 Qxc3 45. Qe7+ Kh6 46. Qg5+ Kh7 47. Qe7+
Qg7 48. Qe8 Rc7 49. Qd8 Rcc1 50. e5 Qb7+ 0-1

[Event "VII Open"]
[Site "Portomannu ITA"]
[Date "2015.06.06"]
[Round "1"]
[White "Grinblat, Artemiy"]
[Black "De Jong, Jan-Willem"]
[Result "0-1"]
[WhiteElo "2191"]
[BlackElo "2449"]
[PlyCount "80"]
[EventDate "2015.06.06"]

1. e4 e5 2. Nf3 Nc6 3. d4 exd4 4. Nxd4 Nf6 5. Nxc6 bxc6 6. e5 Qe7 7. Qe2 Nd5 8.
c4 Nb6 9. Nc3 Qe6 10. Qe4 g6 11. Bd3 Bg7 12. f4 O-O 13. O-O f5 14. Qe2 d6 15.
c5 dxc5 16. b3 Rd8 17. Rd1 c4 18. Bxc4 Rxd1+ 19. Nxd1 Nxc4 20. Qxc4 Qxc4 21.
bxc4 Be6 22. Be3 a5 23. c5 Rb8 24. a4 Bf8 25. Kf1 Rb4 26. Ke2 Kf7 27. Kd3 Bb3
28. Nc3 Ke6 29. Rb1 g5 30. g3 gxf4 31. gxf4 Be7 32. Bd4 Bh4 33. Ke3 Bc4 34.
Rxb4 axb4 35. Nb1 Be1 36. a5 Kd5 37. h3 Ba6 38. e6 Kxe6 39. Be5 Kd5 40. Bxc7
Kxc5 0-1

[Event "VII Open"]
[Site "Portomannu ITA"]
[Date "2015.06.06"]
[Round "1"]
[White "Haast, Anne"]
[Black "Gerola, Fausto"]
[Result "1-0"]
[WhiteElo "2373"]
[BlackElo "2148"]
[PlyCount "83"]
[EventDate "2015.06.06"]

1. e4 e5 2. Nf3 Nc6 3. Bb5 a6 4. Ba4 Nf6 5. O-O Nxe4 6. d4 b5 7. Bb3 d5 8. Nxe5
Nxe5 9. dxe5 Be6 10. c3 g6 11. Nd2 Nc5 12. Bc2 d4 13. cxd4 Qxd4 14. Nb3 Nxb3
15. axb3 Qxd1 16. Rxd1 Bg7 17. Be4 Rd8 18. Rxd8+ Kxd8 19. Bg5+ Kd7 20. Rxa6
Bxe5 21. Bc6+ Kd6 22. Bxb5+ Kc5 23. Ba4 Bxb2 24. Be7+ Kd5 25. Bc6+ Kd4 26. Bf6+
Kd3 27. Bxb2 Rb8 28. h3 Bxb3 29. Be5 Bc4 30. Ra3+ Kd2 31. Bxc7 Rb1+ 32. Kh2 Ke2
33. Kg3 h5 34. Bf3+ Kf1 35. h4 f6 36. Bd8 f5 37. Bg5 Kg1 38. Rc3 Bf1 39. Rc6
Rb3 40. Be3 f4+ 41. Kxf4 Bxg2 42. Rxg6 1-0

[Event "VII Open"]
[Site "Portomannu ITA"]
[Date "2015.06.06"]
[Round "1"]
[White "Kraemer, Stefan"]
[Black "Gustafsson, Jan"]
[Result "0-1"]
[WhiteElo "2232"]
[BlackElo "2640"]
[PlyCount "84"]
[EventDate "2015.06.06"]

1. e4 c5 2. Nf3 e6 3. d4 cxd4 4. Nxd4 Nc6 5. Nc3 Qc7 6. Be3 a6 7. Bd3 Nf6 8.
O-O Ne5 9. h3 Bc5 10. Nf3 Bxe3 11. fxe3 b5 12. Nxe5 Qxe5 13. Qf3 Bb7 14. a3 Rc8
15. Qf4 Rc5 16. Rf3 d6 17. Raf1 h5 18. Rg3 Kf8 19. h4 Qxf4 20. exf4 e5 21. fxe5
dxe5 22. Rf5 Bc8 23. Rf1 Bb7 24. Rf5 Ng4 25. Be2 g6 26. Rf1 Kg7 27. Rd3 Rc7 28.
Rfd1 Nf6 29. Bf3 Rhc8 30. Kf2 a5 31. Nxb5 Rxc2+ 32. R3d2 Bxe4 33. Nd6 Bxf3 34.
Kxf3 R8c6 35. b4 R2c3+ 36. Ke2 Rxa3 37. b5 Rcc3 38. b6 Rab3 39. b7 Ne4 40. Ne8+
Kh6 41. Rd7 Rb2+ 42. Kf1 Rcc2 0-1

[Event "VII Open"]
[Site "Portomannu ITA"]
[Date "2015.06.06"]
[Round "1"]
[White "Landa, Konstantin"]
[Black "Esposito, Luca"]
[Result "1-0"]
[WhiteElo "2627"]
[BlackElo "2220"]
[PlyCount "55"]
[EventDate "2015.06.06"]

1. Nf3 d5 2. d4 Nf6 3. c4 c6 4. Qb3 Qb6 5. Nc3 Qxb3 6. axb3 Bf5 7. c5 Nbd7 8.
b4 Ne4 9. Bf4 Nxc3 10. bxc3 a6 11. e3 Rc8 12. Nd2 Nf6 13. f3 Nh5 14. Bg5 h6 15.
Bh4 g5 16. Bf2 Nf6 17. g4 Bg6 18. h4 Bg7 19. Nb3 O-O 20. Bg3 Rcd8 21. Kd2 Ne8
22. hxg5 hxg5 23. Na5 Rd7 24. Nxb7 Rxb7 25. Bxa6 Ra7 26. Bc8 Rc7 27. Bxc7 Nxc7
28. Bd7 1-0

[Event "VII Open"]
[Site "Portomannu ITA"]
[Date "2015.06.06"]
[Round "1"]
[White "Olafsson, Fridrik"]
[Black "Ryzhkov, Vjacheslav"]
[Result "1-0"]
[WhiteElo "2397"]
[BlackElo "2151"]
[PlyCount "57"]
[EventDate "2015.06.06"]

1. Nf3 f5 2. g3 Nf6 3. Bg2 g6 4. b3 d6 5. d4 Bg7 6. O-O O-O 7. c4 Qe8 8. Ba3 a5
9. Nc3 Na6 10. Qd2 c6 11. Rae1 h6 12. e4 fxe4 13. Nxe4 Nxe4 14. Rxe4 Bf5 15.
Re3 Qf7 16. Rfe1 Rae8 17. Qxa5 Bg4 18. Qd2 g5 19. h4 Qh5 20. Nh2 gxh4 21. Nxg4
Qxg4 22. Re4 Qg6 23. Rxh4 Nc7 24. Bb2 e5 25. dxe5 dxe5 26. Be4 Qf7 27. Rg4 Rd8
28. Qe3 Kh8 29. Bxe5 1-0

[Event "VII Open"]
[Site "Portomannu ITA"]
[Date "2015.06.06"]
[Round "1"]
[White "Petursson, Margeir"]
[Black "Molina, Fabrizio"]
[Result "1-0"]
[WhiteElo "2529"]
[BlackElo "2205"]
[PlyCount "57"]
[EventDate "2015.06.06"]

1. c4 c5 2. Nf3 b6 3. e3 Bb7 4. d4 e6 5. d5 Nf6 6. Nc3 d6 7. e4 e5 8. h3 g6 9.
Bg5 Nbd7 10. Be2 Be7 11. Qd2 Nh5 12. Be3 O-O 13. g4 Ng7 14. Bh6 Nf6 15. O-O-O
a6 16. a4 Kh8 17. Rdg1 Bc8 18. Be3 Nfe8 19. h4 f5 20. h5 f4 21. hxg6 Nf6 22.
Bxf4 exf4 23. Qxf4 Nxg4 24. Rxh7+ Kg8 25. Qg3 Bg5+ 26. Nxg5 Qxg5+ 27. Kb1 Qxg6
28. Rh4 Nh5 29. Qh2 1-0

[Event "VII Open"]
[Site "Portomannu ITA"]
[Date "2015.06.06"]
[Round "1"]
[White "Rombaldoni, Axel"]
[Black "Rabus, Berthold"]
[Result "1-0"]
[WhiteElo "2502"]
[BlackElo "2192"]
[PlyCount "59"]
[EventDate "2015.06.06"]

1. d4 d5 2. c4 c6 3. Nf3 Nf6 4. Nc3 e6 5. g3 Nbd7 6. Bg2 Bd6 7. O-O O-O 8. Qc2
b6 9. e4 dxe4 10. Ng5 Bb7 11. Ngxe4 Be7 12. Rd1 Nxe4 13. Nxe4 Nf6 14. Bf4 Nxe4
15. Bxe4 h6 16. c5 b5 17. a4 a6 18. h4 Re8 19. Qe2 Qd7 20. Bc2 f5 21. Ra3 Rad8
22. Re3 Bf6 23. Bd6 g6 24. Qf3 Bc8 25. Be5 Kf7 26. Bb3 Re7 27. g4 Rg8 28. Kh1
Kg7 29. gxf5 exf5 30. Bxf6+ 1-0

[Event "VII Open"]
[Site "Portomannu ITA"]
[Date "2015.06.06"]
[Round "1"]
[White "Schaefer, Michael"]
[Black "Kuipers, Stefan"]
[Result "1-0"]
[WhiteElo "2165"]
[BlackElo "2409"]
[PlyCount "111"]
[EventDate "2015.06.06"]

1. d4 d6 2. c4 e5 3. Nf3 e4 4. Nfd2 f5 5. Nc3 Nf6 6. e3 Be7 7. Be2 O-O 8. O-O
c6 9. b4 Be6 10. Rb1 Nbd7 11. b5 c5 12. Nb3 Bf7 13. Bb2 Rc8 14. dxc5 dxc5 15.
Qc2 Qc7 16. Rfd1 b6 17. Nd2 Bd6 18. Nf1 Ne5 19. Nd5 Bxd5 20. cxd5 Qe7 21. a4 h5
22. a5 h4 23. axb6 axb6 24. Ra1 Rc7 25. Ra6 Rb7 26. Bc3 Nfd7 27. Rda1 Qf7 28.
Rd1 Kh8 29. Qd2 Qg6 30. Kh1 Ng4 31. Qe1 Nb8 32. f3 Nh6 33. Qxh4 Nxa6 34. bxa6
Ra7 35. Ng3 Be7 36. Qh5 Qxh5 37. Nxh5 Rf7 38. d6 Bd8 39. Nf4 Ra8 40. d7 Kg8 41.
Bc4 g5 42. Ng6 Kh7 43. Bxf7 Nxf7 44. Nf8+ Kg8 45. Ne6 Rxa6 46. Nxd8 Nxd8 47.
Bf6 Ra8 48. Bxg5 exf3 49. gxf3 Kf7 50. Rd6 Rb8 51. Rf6+ Kg7 52. Rxf5 c4 53. e4
Kg6 54. Bd2 b5 55. Bb4 Nc6 56. Rc5 1-0

[Event "VII Open"]
[Site "Portomannu ITA"]
[Date "2015.06.06"]
[Round "1"]
[White "Sprotte, Norbert"]
[Black "Hjartarson, Johann"]
[Result "1/2-1/2"]
[WhiteElo "2207"]
[BlackElo "2535"]
[PlyCount "110"]
[EventDate "2015.06.06"]

1. d4 Nf6 2. Nf3 e6 3. e3 b6 4. Bd3 Bb7 5. O-O d5 6. b3 Bd6 7. Bb2 O-O 8. Nbd2
Nbd7 9. Ne5 c5 10. f4 cxd4 11. exd4 Ne4 12. Nxe4 dxe4 13. Bb5 Nf6 14. Bc6 Bxc6
15. Nxc6 Qc7 16. Ne5 Nd5 17. Qe2 f6 18. c4 Nxf4 19. Rxf4 fxe5 20. Rh4 Rad8 21.
Qxe4 g6 22. Qe2 Rf5 23. Rf1 Qf7 24. Rxf5 Qxf5 25. Re4 exd4 26. Bxd4 e5 27. g4
Qe6 28. Bf2 Qc8 29. h3 Qc6 30. Kh2 Bf8 31. Bg3 Bh6 32. Qg2 Rd2 33. Re2 Rxe2 34.
Qxe2 e4 35. Qd1 Kf7 36. h4 Qe6 37. g5 Bf8 38. Kg2 Qf5 39. Qd5+ Qxd5 40. cxd5
Bc5 41. Bb8 a6 42. Kg3 Ke7 43. Kf4 e3 44. Kf3 Bd6 45. Bxd6+ Kxd6 46. Kxe3 Kxd5
47. Kd3 Ke5 48. Ke3 a5 49. a4 Kf5 50. Kf3 Ke5 51. Ke3 Kd5 52. Kd3 Kc5 53. Kc3
b5 54. axb5 Kxb5 55. Kd3 Kc5 1/2-1/2

[Event "VII Open"]
[Site "Portomannu ITA"]
[Date "2015.06.06"]
[Round "1"]
[White "Theon, Pierre"]
[Black "Beshukov, Sergei"]
[Result "0-1"]
[WhiteElo "2149"]
[BlackElo "2385"]
[PlyCount "50"]
[EventDate "2015.06.06"]

1. c4 Nf6 2. g3 c6 3. Nf3 d5 4. Bg2 g6 5. O-O Bg7 6. b3 Ne4 7. d4 O-O 8. Bb2
Qa5 9. Ne5 Rd8 10. Qc1 f6 11. Nd3 Na6 12. Qe3 f5 13. cxd5 cxd5 14. Rc1 Qb6 15.
f3 e5 16. fxe4 dxe4 17. Nf2 exd4 18. Qf4 Nc5 19. Na3 Ne6 20. Qh4 Qa6 21. Nc4 b5
22. Nxe4 fxe4 23. Bxe4 bxc4 24. Rxc4 Bb7 25. Bd3 Qd6 0-1

[Event "VII Open"]
[Site "Portomannu ITA"]
[Date "2015.06.06"]
[Round "1"]
[White "Tischbierek, Raj"]
[Black "Tommasini, Enzo"]
[Result "1-0"]
[WhiteElo "2442"]
[BlackElo "2166"]
[PlyCount "73"]
[EventDate "2015.06.06"]

1. g3 d5 2. Bg2 c6 3. d4 Nf6 4. c4 e6 5. Nf3 Nbd7 6. O-O Bd6 7. Qc2 O-O 8. Rd1
Ne4 9. Nc3 f5 10. Bf4 Bxf4 11. gxf4 Rf6 12. e3 Qe8 13. Ne2 Rh6 14. Ng3 Ndf6 15.
Ne5 Bd7 16. b4 Rd8 17. Rdc1 Nxg3 18. fxg3 Ng4 19. Nxg4 fxg4 20. Bf1 Qh5 21. Bd3
Be8 22. a4 Rf6 23. b5 g5 24. Qe2 gxf4 25. exf4 Bg6 26. Bxg6 Qxg6 27. Ra3 dxc4
28. bxc6 bxc6 29. Rxc4 Qb1+ 30. Kg2 Rb8 31. Rac3 Qf5 32. Rc5 Qb1 33. Rxc6 h5
34. Rc8+ Rxc8 35. Rxc8+ Kg7 36. Rc7+ Kh6 37. Qc2 1-0

[Event "VII Open"]
[Site "Portomannu ITA"]
[Date "2015.06.06"]
[Round "1"]
[White "Vallifuoco, Giovanni"]
[Black "Codenotti, Marco"]
[Result "0-1"]
[WhiteElo "2153"]
[BlackElo "2397"]
[PlyCount "62"]
[EventDate "2015.06.06"]

1. d4 d5 2. Nf3 Nf6 3. c4 c6 4. cxd5 cxd5 5. Nc3 Nc6 6. Bf4 Bf5 7. e3 e6 8. Ne5
Bd6 9. Bb5 Rc8 10. Qa4 Bxe5 11. dxe5 Nd7 12. O-O O-O 13. Rac1 Qb6 14. Bxc6 Rxc6
15. Ne2 Qxb2 16. Rxc6 bxc6 17. Nd4 Bd3 18. Rd1 Be2 19. Re1 Nc5 20. Qc2 Qxc2 21.
Nxc2 Bc4 22. Nd4 Nd3 23. Rb1 c5 24. Nc6 a6 25. a3 Bb5 26. Na5 c4 27. g3 c3 28.
Nb3 c2 29. Ra1 Bc4 30. Nc1 Rb8 31. Nxd3 Rb1+ 0-1

[Event "VII Open"]
[Site "Portomannu ITA"]
[Date "2015.06.06"]
[Round "1"]
[White "Vogt, Lothar H."]
[Black "Pelagatti, Alessandro"]
[Result "1-0"]
[WhiteElo "2408"]
[BlackElo "2161"]
[PlyCount "79"]
[EventDate "2015.06.06"]

1. e4 e6 2. d3 d5 3. Nd2 Nf6 4. Ngf3 Nc6 5. Be2 Bd6 6. O-O O-O 7. Re1 dxe4 8.
dxe4 Bc5 9. h3 e5 10. c3 a6 11. Qc2 Nh5 12. Nc4 Qe7 13. Ne3 Bxe3 14. Bxe3 Nf4
15. Bxf4 exf4 16. Rad1 Be6 17. e5 h6 18. Bd3 Rfd8 19. Be4 Qc5 20. Bxc6 Qxc6 21.
Nd4 Qb6 22. b3 Rd5 23. Nxe6 Qxe6 24. Qe4 Rad8 25. Rxd5 Rxd5 26. c4 Rd2 27. Qxb7
Qb6 28. Qa8+ Kh7 29. Qe4+ Kg8 30. Qxf4 Rxa2 31. Rd1 Qe6 32. Rd8+ Kh7 33. Rf8
Ra1+ 34. Kh2 Kg6 35. Qe4+ f5 36. Qd5 Qe7 37. Qc6+ Kg5 38. f4+ Kxf4 39. Qf3+
Kxe5 40. Rxf5+ 1-0

[Event "VII Open"]
[Site "Portomannu ITA"]
[Date "2015.06.06"]
[Round "2"]
[White "Beshukov, Sergei"]
[Black "Petursson, Margeir"]
[Result "1/2-1/2"]
[WhiteElo "2385"]
[BlackElo "2529"]
[PlyCount "90"]
[EventDate "2015.06.06"]

1. e4 c5 2. Nf3 d6 3. Bc4 Nf6 4. d3 g6 5. O-O Bg7 6. c3 O-O 7. Re1 d5 8. exd5
Nxd5 9. d4 cxd4 10. Nxd4 e6 11. Bb3 Na6 12. Nd2 Nc5 13. Bc2 b6 14. Ne4 Bb7 15.
Bg5 Qb8 16. Qd2 Nxe4 17. Bxe4 Nf6 18. Bxb7 Qxb7 19. Qf4 Nd5 20. Qf3 h6 21. Bf4
Rac8 22. Be5 Rfd8 23. Bxg7 Kxg7 24. Rxe6 fxe6 25. Nxe6+ Kh7 26. Nxd8 Rxd8 27.
c4 Rd7 28. cxd5 Qxd5 29. Qxd5 Rxd5 30. h4 Rd2 31. Rc1 h5 32. Rc7+ Kh6 33. Rxa7
Rxb2 34. f3 Rb4 35. Rb7 Ra4 36. Rxb6 Rxa2 37. Kh2 Kg7 38. Kh3 Ra3 39. Kg3 Ra2
40. f4 Ra3+ 41. Kh2 Ra4 42. g3 Ra2+ 43. Kh3 Rc2 44. Rb5 Kf6 45. Rg5 Rf2 1/2-1/2

[Event "VII Open"]
[Site "Portomannu ITA"]
[Date "2015.06.06"]
[Round "2"]
[White "Brunello, Sabino"]
[Black "Karason, Askell O."]
[Result "1-0"]
[WhiteElo "2526"]
[BlackElo "2324"]
[PlyCount "77"]
[EventDate "2015.06.06"]

1. d4 Nf6 2. c4 e6 3. g3 Bb4+ 4. Bd2 Qe7 5. Bg2 Nc6 6. e3 Bxd2+ 7. Qxd2 d6 8.
Nc3 O-O 9. Nge2 e5 10. d5 Nb8 11. h3 a5 12. g4 Na6 13. Ng3 Nc5 14. O-O-O Ne8
15. f4 f5 16. g5 Bd7 17. h4 c6 18. Kb1 Rd8 19. Rhf1 e4 20. Bh3 a4 21. Rh1 Bc8
22. Nge2 Nc7 23. Nd4 cxd5 24. cxd5 Bd7 25. Bf1 Qe8 26. h5 b5 27. a3 Rb8 28. h6
b4 29. hxg7 Kxg7 30. axb4 Rxb4 31. Na2 Rb7 32. Rh6 a3 33. b4 Qe7 34. Bc4 Be8
35. Nc6 Qd7 36. Rdh1 Kg8 37. Qd4 Qg7 38. Qxg7+ Kxg7 39. Rxh7+ 1-0

[Event "VII Open"]
[Site "Portomannu ITA"]
[Date "2015.06.06"]
[Round "2"]
[White "Codenotti, Marco"]
[Black "Landa, Konstantin"]
[Result "1/2-1/2"]
[WhiteElo "2397"]
[BlackElo "2627"]
[PlyCount "109"]
[EventDate "2015.06.06"]

1. e4 e6 2. d4 d5 3. Nd2 c5 4. Ngf3 cxd4 5. Nxd4 Nf6 6. exd5 a6 7. c4 exd5 8.
Be2 dxc4 9. Nxc4 b5 10. Bf3 Ra7 11. Nc6 Nxc6 12. Bxc6+ Bd7 13. Nd6+ Bxd6 14.
Qxd6 Bxc6 15. Qxc6+ Qd7 16. Qxd7+ Kxd7 17. O-O Rc8 18. Bf4 Rc4 19. Rad1+ Ke8
20. Be5 Rd7 21. Bxf6 gxf6 22. Rfe1+ Re7 23. Kf1 Rc2 24. Rd6 a5 25. Red1 Ree2
26. Rd8+ Ke7 27. R1d7+ Ke6 28. Re8+ Kxd7 29. Rxe2 Rc1+ 30. Re1 Rc2 31. Re2 Rc1+
32. Re1 Rc4 33. b3 Rc2 34. Re2 Rc1+ 35. Re1 Rc2 36. Re2 Rc1+ 37. Re1 Rc5 38.
Rd1+ Ke6 39. Ke2 Ke5 40. Rd2 f5 41. g3 Ke4 42. f3+ Ke5 43. Ke3 Rc3+ 44. Rd3 Rc2
45. f4+ Ke6 46. Rd2 Rc1 47. Kf3 Rc3+ 48. Ke2 h5 49. Kd1 f6 50. Rd8 a4 51. Kd2
Rf3 52. Ke2 Rc3 53. Kd2 Rf3 54. Ke2 Rc3 55. Kd2 1/2-1/2

[Event "VII Open"]
[Site "Portomannu ITA"]
[Date "2015.06.06"]
[Round "2"]
[White "De Jong, Jan-Willem"]
[Black "Sonis, Francesco"]
[Result "1/2-1/2"]
[WhiteElo "2449"]
[BlackElo "2241"]
[PlyCount "63"]
[EventDate "2015.06.06"]

1. Nf3 d5 2. d4 c5 3. c4 cxd4 4. cxd5 Qa5+ 5. Qd2 Qxd2+ 6. Bxd2 Nf6 7. Nxd4
Nxd5 8. Nb5 Na6 9. N1c3 Bd7 10. e4 Nxc3 11. Bxc3 Bc6 12. f3 Rg8 13. O-O-O e6
14. Bc4 Bc5 15. a3 Ke7 16. b4 Be3+ 17. Kb2 Rad8 18. Kb3 Bxb5 19. Bxb5 Nc7 20.
Be2 f6 21. b5 Rxd1 22. Rxd1 Rd8 23. Bb4+ Ke8 24. Rxd8+ Kxd8 25. Be1 Kd7 26. Kc4
b6 27. h4 e5 28. g3 Ne6 29. a4 Kd6 30. Bd1 Nc5 31. a5 g5 32. axb6 1/2-1/2

[Event "VII Open"]
[Site "Portomannu ITA"]
[Date "2015.06.06"]
[Round "2"]
[White "De Jong-Muhren, Bianca"]
[Black "Gerola, Fausto"]
[Result "1-0"]
[WhiteElo "2365"]
[BlackElo "2148"]
[PlyCount "119"]
[EventDate "2015.06.06"]

1. e4 Nc6 2. Nf3 e5 3. Nc3 Nf6 4. a3 d6 5. d4 Bg4 6. Bb5 exd4 7. Qxd4 Bxf3 8.
gxf3 a6 9. Bxc6+ bxc6 10. Bg5 Be7 11. O-O-O c5 12. Qa4+ Qd7 13. Qxd7+ Nxd7 14.
Bxe7 Kxe7 15. Nd5+ Kd8 16. f4 Re8 17. f3 Rb8 18. Rhg1 g6 19. Rge1 Kc8 20. Rd3
Re6 21. Ne3 Nb6 22. f5 gxf5 23. Nxf5 Kb7 24. Rg1 Rg6 25. Rg3 Re8 26. Ne3 Re5
27. Rh3 h5 28. Rd1 Kc6 29. c4 a5 30. Kc2 a4 31. b3 Rg8 32. Rb1 axb3+ 33. Kxb3
Rb8 34. Kc2 Ra8 35. Rb3 Ra4 36. Kd3 Rg5 37. Rg3 f6 38. Rc3 Ra8 39. Nf5 Kd7 40.
Rh3 Rag8 41. Ng3 Ke7 42. f4 Rg4 43. Nf5+ Kf8 44. Nh6 Rxf4 45. Nxg8 Kxg8 46.
Rxh5 Kf7 47. Rh7+ Ke6 48. Ke3 Rf1 49. Rxc7 Re1+ 50. Kd3 Nd7 51. a4 Ne5+ 52. Kc2
Rxe4 53. a5 Nxc4 54. a6 d5 55. a7 Re2+ 56. Kb1 Nd2+ 57. Kc1 Ne4 58. a8=Q Nxc3
59. Rxc5 d4 60. Rxc3 1-0

[Event "VII Open"]
[Site "Portomannu ITA"]
[Date "2015.06.06"]
[Round "2"]
[White "Friedrich, Norbert"]
[Black "Koenig, Dirk"]
[Result "1-0"]
[WhiteElo "2307"]
[BlackElo "2109"]
[PlyCount "61"]
[EventDate "2015.06.06"]

1. e4 d6 2. d4 Nf6 3. Nc3 g6 4. Nf3 Bg7 5. Be2 O-O 6. O-O Nc6 7. d5 Ne5 8. Nxe5
dxe5 9. Bc4 a6 10. a4 Qd6 11. b3 Re8 12. Ba3 Qb6 13. Qf3 Bh6 14. a5 Qd4 15.
Bxe7 Bg4 16. Qxf6 Bg7 17. Qh4 Qxc3 18. Bg5 Bd7 19. Rfc1 Bf8 20. Qg3 Bb4 21.
Qxc3 Bxc3 22. Ra2 Kg7 23. Be3 Bb5 24. Rd1 Bb4 25. Kf1 f5 26. f3 fxe4 27. fxe4
Rf8+ 28. Ke2 Rf7 29. Kd3 c6 30. c3 cxd5 31. Bxb5 1-0

[Event "VII Open"]
[Site "Portomannu ITA"]
[Date "2015.06.06"]
[Round "2"]
[White "Glienke, Manfred"]
[Black "Rombaldoni, Axel"]
[Result "0-1"]
[WhiteElo "2286"]
[BlackElo "2502"]
[PlyCount "58"]
[EventDate "2015.06.06"]

1. d4 Nf6 2. Nf3 g6 3. Bf4 Bg7 4. e3 d6 5. h3 O-O 6. c3 Nfd7 7. Bc4 e5 8. Bh2
Nc6 9. Nbd2 Qe7 10. O-O e4 11. Ne1 Kh8 12. b4 f5 13. b5 Nd8 14. Nc2 Nf6 15. Nb4
g5 16. Rc1 Bd7 17. Be2 Nf7 18. c4 c5 19. bxc6 bxc6 20. c5 d5 21. Ba6 Qe6 22.
Qa4 f4 23. exf4 g4 24. h4 Nh5 25. f5 Qh6 26. Qd1 g3 27. Bxg3 Nxg3 28. fxg3
Bxd4+ 29. Kh1 Be5 0-1

[Event "VII Open"]
[Site "Portomannu ITA"]
[Date "2015.06.06"]
[Round "2"]
[White "Gustafsson, Jan"]
[Black "Haast, Anne"]
[Result "1-0"]
[WhiteElo "2640"]
[BlackElo "2373"]
[PlyCount "109"]
[EventDate "2015.06.06"]

1. d4 d5 2. c4 dxc4 3. e4 Nc6 4. Nf3 Bg4 5. Bxc4 e6 6. d5 Bxf3 7. Qxf3 Ne5 8.
Qc3 Nxc4 9. Qxc4 Qd7 10. dxe6 Qxe6 11. Qb5+ c6 12. Qxb7 Qxe4+ 13. Be3 Qb4+ 14.
Qxb4 Bxb4+ 15. Nc3 Ne7 16. O-O-O O-O 17. Rd7 Bxc3 18. bxc3 Nd5 19. Bd4 Rfe8 20.
Kd2 Nf4 21. Re1 Ne6 22. Be3 a5 23. Rb1 f5 24. Rbb7 Rad8 25. Kc2 f4 26. Bb6 Rxd7
27. Rxd7 a4 28. Rd6 Ng5 29. h4 Re2+ 30. Kd3 Rd2+ 31. Kxd2 Ne4+ 32. Kd3 Nxd6 33.
Bc7 Nf5 34. h5 f3 35. g3 Kf7 36. Ke4 Ke6 37. Kxf3 Kd5 38. Kf4 Ne7 39. g4 c5 40.
Ke3 Kc4 41. Be5 Nd5+ 42. Kd2 g6 43. hxg6 hxg6 44. f4 Ne7 45. Bg7 Nc8 46. Bf8
Kd5 47. Kd3 Nb6 48. Bg7 Nc4 49. Bh8 Nb2+ 50. Ke3 Nc4+ 51. Kf3 Nd2+ 52. Ke2 Ne4
53. Be5 Kc4 54. Ke3 Ng3 55. f5 1-0

[Event "VII Open"]
[Site "Portomannu ITA"]
[Date "2015.06.06"]
[Round "2"]
[White "Hill, Alistair"]
[Black "Olafsson, Fridrik"]
[Result "1/2-1/2"]
[WhiteElo "2121"]
[BlackElo "2397"]
[PlyCount "40"]
[EventDate "2015.06.06"]

1. e4 c5 2. c3 e6 3. d4 d5 4. exd5 exd5 5. Nf3 Nc6 6. Bb5 Bd6 7. dxc5 Bxc5 8.
O-O Nge7 9. Nbd2 O-O 10. Nb3 Bb6 11. Re1 Nf5 12. Bd3 Qd6 13. Bc2 Bd7 14. Qd3
Rae8 15. Bg5 f6 16. Be3 Ne5 17. Nxe5 fxe5 18. Bxb6 axb6 19. Rad1 Bc6 20. Qh3 g6
1/2-1/2

[Event "VII Open"]
[Site "Portomannu ITA"]
[Date "2015.06.06"]
[Round "2"]
[White "Hjartarson, Johann"]
[Black "Kharitonov, Sergei"]
[Result "1-0"]
[WhiteElo "2535"]
[BlackElo "2107"]
[PlyCount "51"]
[EventDate "2015.06.06"]

1. c4 c6 2. Nf3 Nf6 3. Nc3 d5 4. e3 a6 5. b3 Bg4 6. Be2 Nbd7 7. d4 e6 8. O-O
Bd6 9. h3 Bh5 10. Bb2 O-O 11. Rc1 Qe7 12. Ne5 Bxe2 13. Nxe2 Rfd8 14. Rc2 Rac8
15. Qc1 c5 16. Nxd7 Qxd7 17. dxc5 Rxc5 18. Bxf6 gxf6 19. cxd5 Rxd5 20. Nc3 Rd3
21. Ne4 Kg7 22. f4 Bb4 23. Qb2 Be7 24. Rf3 Rd1+ 25. Kh2 Qd3 26. Nf2 1-0

[Event "VII Open"]
[Site "Portomannu ITA"]
[Date "2015.06.06"]
[Round "2"]
[White "Kuipers, Stefan"]
[Black "Behrendt, Clemens"]
[Result "1/2-1/2"]
[WhiteElo "2409"]
[BlackElo "2105"]
[PlyCount "65"]
[EventDate "2015.06.06"]

1. d4 Nf6 2. c4 g6 3. Nc3 d5 4. cxd5 Nxd5 5. Bd2 Nb6 6. e3 Bg7 7. f4 O-O 8. Nf3
Bg4 9. h3 Bxf3 10. Qxf3 Qc8 11. Rc1 Rd8 12. Be2 e6 13. h4 Nc6 14. h5 Ne7 15.
hxg6 hxg6 16. Qh3 f5 17. g4 Qd7 18. Qg2 c6 19. Rg1 Rac8 20. gxf5 exf5 21. Bh5
c5 22. Bxg6 Nxg6 23. Qxg6 cxd4 24. Ne2 Rxc1+ 25. Bxc1 dxe3 26. Bxe3 Re8 27.
Bxb6 axb6 28. Rg2 Re6 29. Qg5 Re7 30. Qg6 Re6 31. Qg5 Re7 32. Qg6 Re6 33. Qg5
1/2-1/2

[Event "VII Open"]
[Site "Portomannu ITA"]
[Date "2015.06.06"]
[Round "2"]
[White "Loew, Gerald"]
[Black "Tischbierek, Raj"]
[Result "1-0"]
[WhiteElo "2238"]
[BlackElo "2442"]
[PlyCount "145"]
[EventDate "2015.06.06"]

1. c4 b6 2. Nc3 Bb7 3. e4 e6 4. Nge2 c5 5. g3 a6 6. Bg2 Qc7 7. O-O Nf6 8. d3
Be7 9. h3 O-O 10. Be3 Nc6 11. f4 d6 12. g4 Nd7 13. g5 Rfe8 14. Rc1 Bf8 15. Ng3
Nd4 16. h4 Rad8 17. h5 g6 18. Nce2 Nxe2+ 19. Qxe2 Bg7 20. Qf2 Bc6 21. b3 Qb7
22. Bf3 b5 23. Qg2 a5 24. Kh2 a4 25. Rb1 axb3 26. axb3 Qc7 27. Bc1 bxc4 28.
bxc4 Rb8 29. Bb2 Bxb2 30. Rxb2 Rxb2 31. Qxb2 Rb8 32. Qc3 Qb6 33. Rf2 Qb3 34.
Qxb3 Rxb3 35. Rd2 Kf8 36. Kg2 Ke7 37. Kf2 Nb6 38. h6 Na4 39. Nf1 Bb7 40. Ne3
Nb2 41. Ke2 Ba6 42. Bg2 Na4 43. Nd1 Ra3 44. Rc2 Bc8 45. Kd2 f5 46. exf5 exf5
47. Ne3 Be6 48. Bc6 Kd8 49. Bd5 Ke7 50. Bxe6 Kxe6 51. Nd5 Ra1 52. Nf6 Rh1 53.
Rc1 Rh2+ 54. Ke3 Nb2 55. Re1 Kf7 56. Rb1 Rh3+ 57. Kd2 Rh2+ 58. Kc3 Na4+ 59. Kb3
Nb6 60. Ra1 Nc8 61. Nd5 Re2 62. Ra8 Ne7 63. Ra7 Ke8 64. Nf6+ Kd8 65. Rd7+ Kc8
66. Rxd6 Kb7 67. Nxh7 Kc7 68. Ra6 Nc6 69. Rxc6+ Kxc6 70. Nf8 Kd6 71. Nxg6 Rh2
72. Ne5 Ke7 73. Ka4 1-0

[Event "VII Open"]
[Site "Portomannu ITA"]
[Date "2015.06.06"]
[Round "2"]
[White "Schaefer, Michael"]
[Black "Vogt, Lothar H."]
[Result "1/2-1/2"]
[WhiteElo "2165"]
[BlackElo "2408"]
[PlyCount "40"]
[EventDate "2015.06.06"]

1. d4 Nf6 2. c4 g6 3. Nc3 Bg7 4. Nf3 O-O 5. Bg5 c5 6. e3 cxd4 7. exd4 d5 8.
Bxf6 Bxf6 9. cxd5 Nd7 10. Bc4 Nb6 11. Bb3 Bg4 12. O-O Rc8 13. h3 Bxf3 14. Qxf3
Bxd4 15. Rad1 Bxc3 16. bxc3 Qd6 17. Rfe1 Rc7 18. h4 h5 19. Qd3 Rfc8 20. Re6
Rxc3 1/2-1/2

[Event "VII Open"]
[Site "Portomannu ITA"]
[Date "2015.06.06"]
[Round "2"]
[White "Spence, David J."]
[Black "Sprotte, Norbert"]
[Result "1-0"]
[WhiteElo "2246"]
[BlackElo "2207"]
[PlyCount "81"]
[EventDate "2015.06.06"]

1. e4 e6 2. d4 d5 3. Nc3 Bb4 4. e5 c5 5. a3 Bxc3+ 6. bxc3 Ne7 7. Qg4 Nf5 8. Bd3
h5 9. Qd1 Nc6 10. a4 Qa5 11. Bd2 c4 12. Be2 h4 13. Nh3 Bd7 14. Bh5 g6 15. Bg4
Nce7 16. O-O Rc8 17. Qc1 Rc6 18. Ra3 Ra6 19. Bg5 Qc7 20. Bf6 Rf8 21. Ng5 Bxa4
22. Nh7 Rg8 23. Bxe7 Nxe7 24. Nf6+ Kd8 25. Qh6 Re8 26. Nxe8 Bxe8 27. Rxa6 bxa6
28. Rb1 a5 29. Qxh4 a4 30. Qg5 a6 31. h4 Bb5 32. Qf6 Be8 33. h5 gxh5 34. Bxh5
a3 35. Qg5 a2 36. Ra1 Qa5 37. Qc1 Qxc3 38. Rxa2 Qxd4 39. Rxa6 Qxe5 40. Qb1 Qxh5
41. Qb6+ 1-0